Engineering Materials/ (Record no. 176388)

MARC details
000 -LEADER
fixed length control field 00817nam a22002177a 4500
005 - DATE AND TIME OF LATEST TRANSACTION
control field 20201217144810.0
010 ## - LCCN (DPL NO)
LC control number ENG-128690
020 ## - INTERNATIONAL STANDARD BOOK NUMBER
International Standard Book Number 978-93-534-3765-7
Terms of availability 539.00
035 ## - SYSTEM CONTROL NUMBER
System control number EN-112222
037 ## - SOURCE OF ACQUISITION
Source of stock number/acquisition DBAD/PUB
082 ## - DEWEY DECIMAL CLASSIFICATION NUMBER
Classification number 620.11
245 ## - TITLE STATEMENT
Title Engineering Materials/
Statement of responsibility, etc U. C. Jindal, et.al.
260 ## - PUBLICATION, DISTRIBUTION, ETC. (IMPRINT)
Place of publication, distribution, etc Uttar Pradesh
Name of publisher, distributor, etc Pearson India Education Services Pvt. Ltd.
Date of publication, distribution, etc 2020
270 ## - ADDRESS
City Uttar Pradesh
Postal code 201301
Address 15th Floor, Tower-B, World Trade Tower, Plot No.- 1, Block-C, Sector-16, Noida
Electronic mail address companysecretary.india@pearson.com
Telephone number 044-66540100
300 ## - PHYSICAL DESCRIPTION
Extent various pages.
Dimensions 23cm(pbk)
Other physical details Including illustrations, Tables and Index.
700 ## - ADDED ENTRY--PERSONAL NAME
Personal name Jindal, U. C.
700 ## - ADDED ENTRY--PERSONAL NAME
Personal name Mozumder, Atish
700 ## - ADDED ENTRY--PERSONAL NAME
Personal name Jothilakshmi, R.
700 ## - ADDED ENTRY--PERSONAL NAME
Personal name Reddy, C. Parthasaradhi
942 ## - ADDED ENTRY ELEMENTS (KOHA)
Source of classification or shelving scheme Dewey Decimal Classification
Item type English Books
Classification part 620.11
Call number suffix ENG
Holdings
Withdrawn status Lost status Not for loan Collection code Home library Current library Date acquired Source of acquisition Cost, normal purchase price Full call number Barcode Copy number Cost, replacement price Koha item type
      Non-fiction Ashok Vihar Ashok Vihar 17/12/2020 DBAD/PUB 539.00 620.11 ENG EN-112222 1 539.00 English Books

© Delhi Public Library
Hit Counter
free hit counter